[Event "Frankfurt Ch 2010"]
[Site "Ffm-Kalbach, LAZ"]
[Date "2010.06.14"]
[Round "7.51"]
[White "Willenbring, Jens-Dirk"]
[Black "Bitzer, André"]
[Result "1/2-1/2"]
[WhiteElo "1397"]
[BlackElo "1720"]
[PlyCount "73"]
[EventDate "2010.??.??"]
[SourceDate "2009.03.13"]
[WhiteTeam "Bad Vilbeler Sfr.1985"]
[BlackTeam "SV Griesheim(DA)"]

1. d4 Nf6 2. Nf3 e6 3. Bf4 b6 4. e3 Bb7 5. Nbd2 Be7 6. h3 O-O 7. Bd3 d5 8. c3
Nbd7 9. O-O Ne4 10. Ne5 Nxd2 11. Qxd2 Bd6 12. Nxd7 Qxd7 13. Bxd6 Qxd6 14. Qc2
g6 15. e4 Rac8 16. e5 Qe7 17. b4 c5 18. bxc5 bxc5 19. Qb2 cxd4 20. cxd4 Rc6 21.
Rac1 Rfc8 22. Rxc6 Rxc6 23. Rc1 Qc7 24. Rxc6 Qxc6 25. Kh2 Qb6 26. Qxb6 axb6 27.
Bb5 Kf8 28. f4 Ke7 29. Kg3 Bc8 30. Kh4 h6 31. g4 Bd7 32. a4 Bxb5 33. axb5 f6
34. Kg3 Kf7 35. h4 fxe5 36. fxe5 h5 37. g5 1/2-1/2

[Event "Frankfurt Ch 2010"]
[Site "Ffm-Kalbach, LAZ"]
[Date "2010.06.14"]
[Round "7.52"]
[White "Geipert, Wilfried"]
[Black "Velkina, Elina"]
[Result "1-0"]
[WhiteElo "1699"]
[BlackElo "1219"]
[PlyCount "91"]
[EventDate "2010.??.??"]
[SourceDate "2009.03.13"]
[WhiteTeam "SC Brett vor'm Kopp Ffm"]
[BlackTeam "SK 1858 Gießen"]

1. d4 f5 2. g3 e6 3. Bg2 d5 4. Nf3 Nf6 5. O-O h6 6. b3 b6 7. Ba3 Bxa3 8. Nxa3
c5 9. c4 O-O 10. e3 Nc6 11. Rc1 Qe7 12. cxd5 exd5 13. dxc5 bxc5 14. Nb1 Ba6 15.
Nh4 Qd7 16. Ng6 Rfd8 17. Rxc5 Bxf1 18. Qxf1 Qd6 19. Rxc6 Qd7 20. Qc1 Kh7 21.
Nf4 Rac8 22. Rxc8 Rxc8 23. Qb2 Qc6 24. Ne2 Kg6 25. Nbc3 Ne4 26. Bxe4 dxe4 27.
b4 Kf7 28. a4 g5 29. Qb3+ Kf8 30. b5 Qd6 31. Qd5 Qf6 32. Qd4 Qxd4 33. exd4 Ke7
34. Kf1 Kd6 35. Ke1 Rb8 36. Kd2 Rb7 37. Kc2 Kc7 38. a5 Kd6 39. Kb3 a6 40. b6
Kc6 41. Kb4 Rb8 42. Na4 Rd8 43. Nc5 Ra8 44. Kc4 Kd6 45. Nc3 Kc6 46. Nd5 1-0

[Event "Frankfurt Ch 2010"]
[Site "Ffm-Kalbach, LAZ"]
[Date "2010.06.14"]
[Round "7.53"]
[White "Budde, Michael"]
[Black "Heun, Andreas"]
[Result "1-0"]
[WhiteElo "1688"]
[BlackElo "1464"]
[PlyCount "32"]
[EventDate "2010.??.??"]
[SourceDate "2009.03.13"]
[WhiteTeam "SC 1979 Hattersheim"]
[BlackTeam "SC Ladja Roßdorf"]

1. d4 Nf6 2. c4 g6 3. Nc3 d6 4. Nf3 Bg7 5. e4 O-O 6. Be2 Bg4 7. h3 Bc8 8. Bg5
h6 9. Be3 a5 10. Qd2 Kh7 11. g4 Rh8 12. Bd3 Kg8 13. Nh4 e5 14. d5 Nxe4 15. Bxe4
Qxh4 16. O-O-O Bxg4 1-0

[Event "Frankfurt Ch 2010"]
[Site "Ffm-Kalbach, LAZ"]
[Date "2010.06.14"]
[Round "7.54"]
[White "Miller, Justin"]
[Black "Waschke, Thomas"]
[Result "1/2-1/2"]
[WhiteElo "1311"]
[BlackElo "1641"]
[PlyCount "42"]
[EventDate "2010.??.??"]
[SourceDate "2009.03.13"]
[WhiteTeam "Sfr.1932 Kelkheim"]
[BlackTeam "SC Bergen-Enkheim 1922"]

1. e4 e5 2. Nf3 Nc6 3. d4 exd4 4. Bc4 Be7 5. O-O d6 6. Nxd4 Ne5 7. Bb3 Nf6 8.
Nc3 O-O 9. f4 Ng6 10. h3 Nd7 11. Be3 Nc5 12. Bc4 Bf6 13. Nde2 Nd7 14. Qd2 Ne7
15. Rad1 Nc6 16. a3 a6 17. Kh1 b5 18. Bd5 Bb7 19. b4 Rb8 20. Nd4 Nxd4 21. Bxd4
Re8 1/2-1/2

[Event "Frankfurt Ch 2010"]
[Site "Ffm-Kalbach, LAZ"]
[Date "2010.06.14"]
[Round "7.55"]
[White "Seifert, Norbert"]
[Black "Mongi, Mario"]
[Result "1-0"]
[WhiteElo "2054"]
[BlackElo "1500"]
[PlyCount "93"]
[EventDate "2010.??.??"]
[SourceDate "2009.03.13"]
[WhiteTeam "Sfr. Neuberg"]
[BlackTeam "Sfr. Frankfurt 1921"]

1. d4 d5 2. Nf3 Nf6 3. g3 e6 4. Bg2 Bd6 5. c4 dxc4 6. Nc3 O-O 7. O-O c6 8. e4
Be7 9. a4 Na6 10. Ne5 Nc7 11. Nxc4 Bd7 12. a5 Rb8 13. Bf4 Nfe8 14. Qe2 Nb5 15.
Bxb8 Nxc3 16. bxc3 Qxb8 17. Ne5 Nf6 18. Rfb1 Rc8 19. Ra2 c5 20. Nxd7 Nxd7 21.
d5 e5 22. Bh3 Qc7 23. Rab2 Rb8 24. Bxd7 Qxd7 25. Kg2 a6 26. Qc4 Bd8 27. Qxc5
Qa4 28. Qb4 Qxb4 29. cxb4 Rc8 30. Kf3 Rc3+ 31. Ke2 Bg5 32. Rd1 Rc4 33. Kd3 Rd4+
34. Kc2 Rc4+ 35. Kb3 Rxe4 36. d6 Rd4 37. Rxd4 exd4 38. Re2 Kf8 39. d7 Be7 40.
Kc4 d3 41. Kxd3 f6 42. Re6 Kf7 43. Rb6 Bd8 44. Rxb7 Ke7 45. Ra7 g6 46. Kc4 f5
47. Kd5 1-0

[Event "Frankfurt Ch 2010"]
[Site "Ffm-Kalbach, LAZ"]
[Date "2010.06.14"]
[Round "7.56"]
[White "Winand, Edgar"]
[Black "Slobodetski, Oleg"]
[Result "1-0"]
[WhiteElo "1989"]
[BlackElo "1287"]
[PlyCount "61"]
[EventDate "2010.??.??"]
[SourceDate "2009.03.13"]
[WhiteTeam "SC KT Oberursel"]
[BlackTeam "SV KS 1929 Großauheim"]

1. Nf3 Nf6 2. d4 e6 3. e3 d5 4. Bd3 c5 5. b3 Nc6 6. a3 Bd6 7. Bb2 cxd4 8. exd4
O-O 9. O-O Re8 10. Ne5 Qc7 11. f4 Ne4 12. Nd2 f5 13. Ndf3 Be7 14. c4 b6 15. Rc1
Nxe5 16. Nxe5 Qd8 17. cxd5 exd5 18. Bb5 Rf8 19. Nc6 Qd6 20. Nxe7+ Qxe7 21. Qc2
Bb7 22. Qc7 Rf7 23. Qe5 Qd8 24. a4 g6 25. Ba3 Rc8 26. Rxc8 Qxc8 27. Rc1 Qd8 28.
Bc6 h6 29. Bxb7 Rxb7 30. Qe6+ Kh7 31. Rc8 1-0

[Event "Frankfurt Ch 2010"]
[Site "Ffm-Kalbach, LAZ"]
[Date "2010.06.14"]
[Round "7.57"]
[White "Rolf, Marco"]
[Black "Ottenburg, Ralph"]
[Result "0-1"]
[WhiteElo "1479"]
[BlackElo "1920"]
[PlyCount "38"]
[EventDate "2010.??.??"]
[SourceDate "2009.03.13"]
[WhiteTeam "SK Bad Homburg 1927"]
[BlackTeam "Sfr. Frankfurt 1921"]

1. e4 e5 2. f4 Bc5 3. Nf3 Nc6 4. Bc4 Nf6 5. fxe5 Nxe4 6. Rf1 d5 7. Be2 Ng5 8.
g3 Nxf3+ 9. Bxf3 O-O 10. c3 Bh3 11. Rh1 Nxe5 12. d4 Nxf3+ 13. Qxf3 Bd6 14. Bf4
Bxf4 15. Qxf4 Qe7+ 16. Kd2 Rae8 17. Qf2 Qg5+ 18. Qf4 Qxf4+ 19. gxf4 Re4 0-1

[Event "Frankfurt Ch 2010"]
[Site "Ffm-Kalbach, LAZ"]
[Date "2010.06.14"]
[Round "7.59"]
[White "Kümmel, Werner"]
[Black "Cipca, Adrian"]
[Result "0-1"]
[WhiteElo "1279"]
[BlackElo "1689"]
[PlyCount "86"]
[EventDate "2010.??.??"]
[SourceDate "2009.03.13"]
[WhiteTeam "SC Bad Soden"]
[BlackTeam "SK Bad Homburg 1927"]

1. d4 d5 2. c4 e6 3. Nc3 c6 4. Nf3 Nf6 5. g3 Nbd7 6. Bg2 dxc4 7. O-O Be7 8. a4
O-O 9. Nd2 Qc7 10. Nxc4 Nb6 11. Bf4 Qd8 12. Nxb6 Qxb6 13. Rb1 Rd8 14. e3 Nd5
15. Nxd5 exd5 16. e4 dxe4 17. Be3 Bf5 18. Qc2 Qb4 19. Bxe4 Bxe4 20. Qxe4 Bf6
21. Rfd1 Qxa4 22. b4 Qb5 23. Rdc1 Qd5 24. Qxd5 Rxd5 25. Rc4 Rad8 26. Rd1 R8d6
27. Rd2 Be7 28. Rc5 Rd7 29. Rxd5 Rxd5 30. Ra2 a6 31. Ra5 Rxa5 32. bxa5 Bb4 33.
Kf1 Bxa5 34. Ke2 Kf8 35. Kd3 Ke7 36. Kc4 Kd7 37. Bc1 Bc7 38. Ba3 b5+ 39. Kb3
Bd6 40. Bb2 g6 41. Bc3 Ke6 42. Bd2 Kd5 43. Be3 c5 0-1

[Event "Frankfurt Ch 2010"]
[Site "Ffm-Kalbach, LAZ"]
[Date "2010.06.14"]
[Round "7.60"]
[White "Honert, Stefan"]
[Black "Rauscher, Joachim"]
[Result "1/2-1/2"]
[WhiteElo "1271"]
[BlackElo "1651"]
[PlyCount "47"]
[EventDate "2010.??.??"]
[SourceDate "2009.03.13"]
[WhiteTeam "Sfr. Frankfurt 1921"]
[BlackTeam "SC Brett vor'm Kopp Ffm"]

1. d4 d5 2. c4 e6 3. Nf3 Nf6 4. Nc3 Bb4 5. Qb3 Bxc3+ 6. bxc3 O-O 7. Bg5 h6 8.
Bh4 c6 9. e3 Nbd7 10. Bd3 Re8 11. Ne5 Qc7 12. Nxd7 Nxd7 13. Bg3 Qd8 14. cxd5
exd5 15. O-O Nb6 16. Rac1 Be6 17. Qd1 Qd7 18. h3 Bf5 19. Qe2 Bxd3 20. Qxd3 Nc4
21. Rfe1 b5 22. Re2 a5 23. Rce1 f5 24. f3 1/2-1/2

[Event "Frankfurt Ch 2010"]
[Site "Ffm-Kalbach, LAZ"]
[Date "2010.06.14"]
[Round "7.62"]
[White "Ahlheim, Marcus"]
[Black "Wöhl, Torsten"]
[Result "1-0"]
[WhiteElo "1548"]
[BlackElo "1216"]
[PlyCount "53"]
[EventDate "2010.??.??"]
[SourceDate "2009.03.13"]
[WhiteTeam "Sfr.1891 Friedberg"]
[BlackTeam "SC Groß-Zimmern"]

1. d4 d5 2. Nf3 Bf5 3. c4 dxc4 4. Nc3 Nf6 5. Bf4 c6 6. e3 b5 7. a4 Nd5 8. axb5
Nxc3 9. bxc3 cxb5 10. Be2 Nd7 11. O-O g6 12. Qd2 Nf6 13. Qb2 Qd5 14. Ra5 a6 15.
Nd2 Qd8 16. Rfa1 Qc8 17. Bf3 Ra7 18. Rxa6 Rxa6 19. Qxb5+ Bd7 20. Qxa6 Qxa6 21.
Rxa6 Kd8 22. Ra8+ Bc8 23. Bb7 e6 24. Bxc8 Bg7 25. Bxe6+ Ke7 26. Rxh8 Bxh8 27.
Bxc4 1-0

[Event "Frankfurt Ch 2010"]
[Site "Ffm-Kalbach, LAZ"]
[Date "2010.06.14"]
[Round "7.65"]
[White "Stulken, Dietmar"]
[Black "Witt, Holger"]
[Result "1/2-1/2"]
[WhiteElo "1373"]
[BlackElo "1590"]
[PlyCount "88"]
[EventDate "2010.??.??"]
[SourceDate "2009.03.13"]
[WhiteTeam "SC Brett vor'm Kopp Ffm"]
[BlackTeam "SC 1934 Viernheim"]

1. e4 e6 2. d4 d5 3. exd5 exd5 4. Nc3 Nf6 5. Bf4 c6 6. Nf3 Bg4 7. Be2 Bd6 8.
Bxd6 Qxd6 9. Ne5 Bxe2 10. Qxe2 O-O 11. O-O Re8 12. Qd2 Nbd7 13. Nxd7 Nxd7 14.
Rfe1 Nf6 15. f3 Rxe1+ 16. Rxe1 Re8 17. Rxe8+ Nxe8 18. Qe3 Nc7 19. Qe5 Qd7 20.
Ne2 f6 21. Qe3 Qe6 22. Qxe6+ Nxe6 23. c3 Kf7 24. Kf2 a5 25. a4 b6 26. Ke3 Ke7
27. Nf4 Nxf4 28. Kxf4 Ke6 29. g4 g6 30. h4 Kd6 31. h5 Ke6 32. hxg6 hxg6 33. g5
f5 34. Ke3 Ke7 35. Kf4 Ke6 36. Ke3 Ke7 37. Kf4 Ke6 38. Ke3 Kd6 39. f4 Ke7 40.
Kd3 Kd7 41. Ke3 Ke7 42. Kd3 Kd7 43. Ke3 Ke7 44. Kd3 Kd7 1/2-1/2

[Event "Frankfurt Ch 2010"]
[Site "Ffm-Kalbach, LAZ"]
[Date "2010.06.14"]
[Round "7.66"]
[White "Paulicks, Frank"]
[Black "Frank, Dieter"]
[Result "0-1"]
[WhiteElo "1088"]
[BlackElo "1453"]
[PlyCount "46"]
[EventDate "2010.??.??"]
[SourceDate "2009.03.13"]
[WhiteTeam "Sfr.1891 Friedberg"]
[BlackTeam "SK Eberstadt 1924"]

1. d4 e5 2. dxe5 Nc6 3. Nf3 Qe7 4. e3 Nxe5 5. Nc3 c6 6. Be2 d5 7. O-O Nf6 8.
Nxe5 Qxe5 9. f4 Qc7 10. h3 Bc5 11. Na4 Bd6 12. c3 b5 13. e4 Nxe4 14. Bf3 bxa4
15. Qxa4 Bf5 16. c4 O-O 17. Be2 Ng3 18. Re1 Rfe8 19. Qd1 Bxf4 20. cxd5 Qb6+ 21.
Kh2 Nxe2+ 22. g3 Bxg3+ 23. Kg2 Be4+ 0-1

[Event "Frankfurt Ch 2010"]
[Site "Ffm-Kalbach, LAZ"]
[Date "2010.06.14"]
[Round "7.67"]
[White "Urbach, Jens"]
[Black "Wich, Manuela"]
[Result "0-1"]
[WhiteElo "927"]
[BlackElo "1414"]
[PlyCount "95"]
[EventDate "2010.??.??"]
[SourceDate "2009.03.13"]
[WhiteTeam "SC 1934 Gelnhausen"]
[BlackTeam "SV 1920 Hofheim"]

1. e4 c6 2. d4 d5 3. exd5 cxd5 4. c4 Nf6 5. Nc3 e6 6. c5 Nc6 7. Nf3 Be7 8. Be2
O-O 9. O-O b6 10. cxb6 axb6 11. a3 Bb7 12. Bd2 Ne4 13. Be1 Bd6 14. Nb5 Qe7 15.
Nxd6 Qxd6 16. Qb3 Na5 17. Bxa5 Rxa5 18. Qb4 Qxb4 19. axb4 Rxa1 20. Rxa1 Ra8 21.
Rxa8+ Bxa8 22. g4 f6 23. h4 Kf8 24. g5 Ke7 25. Bd3 Bb7 26. Kf1 Kd6 27. Ke2 Bc8
28. Ke3 Bb7 29. b5 fxg5 30. hxg5 h6 31. gxh6 gxh6 32. Ne5 Ke7 33. f3 Ng5 34.
Ng6+ Kd6 35. b4 Bc8 36. f4 Nf7 37. Be2 Bd7 38. Kf2 Kc7 39. Kg3 Nd6 40. Nf8 Nf5+
41. Kf3 Nxd4+ 42. Ke3 Nxe2 43. Nxd7 Kxd7 44. Kxe2 Kd6 45. Kf2 d4 46. Ke2 h5 47.
Kd3 Kd5 48. Ke2 0-1

[Event "Frankfurt Ch 2010"]
[Site "Ffm-Kalbach, LAZ"]
[Date "2010.06.14"]
[Round "7.69"]
[White "Liebert, Monika"]
[Black "Herwig-Päutz, Martin"]
[Result "0-1"]
[WhiteElo "1069"]
[BlackElo "1418"]
[PlyCount "74"]
[EventDate "2010.??.??"]
[SourceDate "2009.03.13"]
[WhiteTeam "SV Schachf.Darmstadt 1994"]
[BlackTeam "SC Nidderau"]

1. e4 e6 2. Nf3 d5 3. e5 c5 4. Bb5+ Nc6 5. d4 c4 6. O-O h6 7. Be3 Nge7 8. c3
Bd7 9. Nbd2 Nf5 10. Re1 Nxe5 11. Bxd7+ Nxd7 12. Ne5 b5 13. Ndf3 Bd6 14. a3 Nf6
15. h3 Ne4 16. g4 Nh4 17. Nxh4 Qxh4 18. Kg2 Bxe5 19. dxe5 Rd8 20. Qf3 a6 21.
Rad1 Rd7 22. Bd4 a5 23. Rxe4 dxe4 24. Qxe4 O-O 25. Qc6 Rd5 26. Rd2 Rfd8 27. Re2
h5 28. f3 hxg4 29. fxg4 Qe7 30. Rf2 b4 31. Qxc4 Qb7 32. axb4 Rxd4+ 33. Kg3 Rxc4
34. bxa5 g5 35. Kh2 Rd3 36. Re2 Qf3 37. Rg2 Qxh3+ 0-1

[Event "Frankfurt Ch 2010"]
[Site "Ffm-Kalbach, LAZ"]
[Date "2010.06.14"]
[Round "7.72"]
[White "Henrich, Gerhard"]
[Black "Gläser, Michael"]
[Result "0-1"]
[WhiteElo "1120"]
[BlackElo "1165"]
[PlyCount "94"]
[EventDate "2010.??.??"]
[SourceDate "2009.03.13"]
[WhiteTeam "SV 1920 Hofheim"]
[BlackTeam "TSG Nieder-Erlenbach 1888"]

1. d4 d5 2. Nf3 Nc6 3. e3 Nf6 4. Bd3 e6 5. c3 Bd7 6. Nbd2 Be7 7. O-O O-O 8. Re1
a6 9. e4 b5 10. e5 Ng4 11. h3 Nh6 12. Nf1 Nf5 13. a3 f6 14. Bd2 fxe5 15. Nxe5
Nxe5 16. Rxe5 c6 17. Qe2 Rf7 18. Ne3 Nxe3 19. Bxe3 Bd6 20. Bxh7+ Kxh7 21. Rh5+
Kg8 22. Qg4 Qf6 23. Rf1 e5 24. Qg5 e4 25. Qh4 Qxh4 26. Rxh4 Raf8 27. Rh5 a5 28.
Rg5 Bf4 29. Bxf4 Rxf4 30. g3 Rf3 31. h4 e3 32. Re5 exf2+ 33. Kg2 a4 34. Re2 Bg4
35. Kh2 Rxg3 36. Rexf2 Rh3+ 37. Kg2 Rxf2+ 38. Rxf2 Rxh4 39. Kg3 g5 40. Rf6 Bd7
41. Rg6+ Kf7 42. Rxg5 Rh3+ 43. Kg2 Rd3 44. Kg1 Rd1+ 45. Kf2 Rd2+ 46. Ke1 Rxb2
47. Rf5+ Bxf5 0-1